000 00762nam a2200205 a 4500
001 4116
005 20140414131852.0
008 090206s19uu xx 00 eng d
020 _a978-0-439-02705-2
050 _aM 621.8
_bY8 2007
100 _aYoung, Caroline
245 _aUsborne big machines diggers and cranes /
_cCaroline Young ; designed by Steve Page ; illustrated by Chris Lyon and Teri Gower ; additional illustrations by Nick Hawker ; cover design by Tom L.
260 _aNew York :
_bScholastic,
_c2007.
300 _a32 p. : col., ill. ; cm.
650 _aEarthmoving machinery
_xJuvenile literature.
650 _aCranes, derricks, etc.
_xJuvenile literature.
650 _aEarthmoving machinery.
700 _aPage, Steve
999 _c110228
_d110228